000 00471nam a2200181Ia 4500
001 16535
005 20260306170316.0
008 260306t2009||||xx |||||||||||||| ||und||
041 _aESP
082 _a348.6
_bT77E
100 _aToyama Miyagusuku, Jorge [1969-...]
_eAUT
245 0 _aEtapas, derechos y obligaciones en la inspección laboral
260 _c2009
300 _a397 páginas :
_c23 cm.
650 _aGEN
654 _aCDE
942 _cLIB
_dJUS
_fJUS
_2ddc
_n
999 _c16535
_d16535